LEADER 01459nam0 22003373i 450 001 SBL0330930 005 20231121125821.0 010 $a8822229444 020 $aIT$b80-7476 100 $a20151016d1980 ||||0itac50 ba 101 | $aita 102 $ait 181 1$6z01$ai $bxxxe 182 1$6z01$an 200 1 $a˜La œtecnica del vertere negli epigrammi di Ausonio$fFabrizio Benedetti 210 $aFirenze$cL. S. Olschki$d1980 215 $a155 p.$d25 cm. 225 | $aStudi$fAccademia toscana di scienze e lettere La Colombaria$v56 410 0$1001CFI0012864$12001 $aStudi$fAccademia toscana di scienze e lettere La Colombaria$v56$171202$aAccademia toscana di scienze e lettere La Colombaria$3CFIV007764 606 $aAusonio, Decimo Magno$2FIR$3CFIC006661$9E 676 $a871$9Poesia latina$v21 700 1$aBenedetti$b, Fabrizio$3SBLV175056$4070$0171962 801 3$aIT$bIT-01$c20151016 850 $aIT-RM0418 $aIT-FR0017 899 $aBIBLIOTECA ACCADEMIA NAZ. DEI LINCEI E CORSINIANA$bRM0418 899 $aBiblioteca umanistica Giorgio Aprea$bFR0017 912 $aSBL0330930 950 0$aBiblioteca umanistica Giorgio Aprea$d 52CIS 9/1671$e 52VM 0000438685 VM barcode:00009793. - Inventario:17281 MAGVM$fA $h20040511$i20121204 977 $a 10$a 52 996 $aTecnica del "vertere" negli epigrammi di Ausonio$9487780 997 $aUNICAS